000 00851nam a2200217 a 4500
001 000011493
005 20200929162454.0
008 091019s1982 dr 000 e spa d
040 _aDO-SdBNP
_bspa
_cBNPHU
082 _aRD864.44
_bL256q
100 1 _aLandestoy Garrido, Pedro
_927211
245 1 3 _aEl Quijote oculto :
_b(la cueva de Montesinos Develada) /
_cPedro Landestoy Garrido, Pedro Landestoy Duluc; edición Enrique Eusebio; prólogo Rafael Robles Inocencio.
260 _aSanto Domingo :
_bAlfa y Omega,
_c1982.
300 _a374 p. ;
_c20 cm.
500 _aIncluye datos biográficos [p. 365-368]
600 4 _aCERVANTES SAAVEDRA, MIGUEL DE,
_d1547-1616.
_dDON QUIJOTE
_913671
650 4 _aOcultimo en literatura
_927212
700 1 _aEusebio, Enrique,
_eed.
_927213
700 1 _aRobles Inocencio, Rafael,
_epról.
_927214
049 _aBNPHU
999 _c11194
_d11194